Monsters Inc. Characters - Statistics

General Stats
  • This quiz has been taken 1,123 times
  • The average score is 5 of 8
Answer Stats
Hint Answer % Correct
Round, Green Monster with a Medusa-Like Girlfriend Mike Wazowski
99%
Best Scarer in Monstropolis James P. Sullivan
96%
2 year old human girl who got into the factory Boo
95%
Chameleon-Like lizard who wants to become 'Best Scarer' Randall Boggs
64%
Slug-like monster who is "always watching" Mike Roz
54%
Mike Wazowski's unorthodox girlfriend Celia
49%
Owner of Monsters Inc. Henry J. Waternoose
44%
Orange Monster who emerged from a door with a sock on his back George Sanderson
31%
No matching quizzes found
Score Distribution
Percent of People with Each Score
Percentile by Number Answered
Your Score History
You have not taken this quiz